000 00642nam a2200217Ia 4500
003 GCL
008 140319s9999 xx 000 0 eng d
020 _a0735619344
040 _aGCL /
_cGCL
082 0 4 _a005.276
_bD M
100 1 _aDUTHIE, G . ANDREW
245 1 0 _aMICROSOFT ASP . NET PROGRAMMING WITH MICROSOFT VISUAL BASIC . NET /
_cDUTHIE, G . ANDREW
260 _aنيويورك :
_bMICROSOFT ،
_c2003
300 _a24 CM ؛
_c600 P
650 0 4 _aPROGRAMMING LANGUAGE
650 0 4 _aVISUAL BASIC
650 0 4 _aINTERNET - COMPUTER PROGRAME
650 0 4 _aINTERNET - PROGRAMMING LANGUAGES
650 0 4 _aASP.NET
942 _2ddc
_cBK
999 _c7463
_d7463